000 00771nam a22002297a 4500
005 20170124110132.0
010 _a672209
020 _c00.00
035 _a672209
037 _bCen Lib/Ret
040 _aDPL
_bEN
082 _a921
_bJOH
100 _aJohnson, Lyndon Baines
_932356
245 _aThe vantage point :
_cby Lyndon Baines Johnson
_bperspectives of the Presidency, 1963-1969 /
260 _aDelhi
_bVikas Publications
_c1972
270 _a5 Daryaganj, Ansari Road
_bDelhi
_e110006
300 _axii,630p. :
_c22cm(Hb)
_bill.
500 _aIncludes index
650 _aJohnson, Lyndon B. -- (Lyndon Baines), -- 1908-1973
_932357
650 _aUnited States -- Politics and government -- 1963-1969
_932358
942 _2ddc
_cEN
_h921
_mJOH
999 _c131645
_d131645